| 000 | 00642nam a2200193Ia 4500 | ||
|---|---|---|---|
| 008 | 121001t2007 xxu||||| |||| 00| 0 sin d | ||
| 041 | _asin | ||
| 080 |
_a8 - 3 (Youth) _bSAT |
||
| 100 | _aStevenson,Robert Louis | ||
| 245 | _aමංකොල්ලකරුවන් පැහැරගත් ළමයා | ||
| 246 | _aMankollakaruwan Paharagath Lamaya | ||
| 260 |
_aAkura Book Publishers _aMeegamuwa _c2007 |
||
| 300 | _b111p, ill, 21 cm | ||
| 500 | _aSinhalese Translation of Robert Louis Stevenson's of Kidnapped | ||
| 700 |
_aSatharasinghe,Sudarman _etr. |
||
| 942 | _cBK | ||
| 999 |
_c43467 _d43467 |
||
| 003 | LK-CoDNM | ||
| 040 |
_aLK-CoDNM _dLK-CoDNM _eLK-CoDNM |
||